I've Got My Eyes on You : A Novel / Mary Higgins Clark.
"After throwing a party when her parents were away, 18-year-old Kerry Dowling is discovered lifeless at the bottom of the family pool. The police immediately question Kerry's boyfriend, who--despite proclaiming his love for her--was seen arguing with Kerry that night. As neighbors and classmates grieve the loss of their friend, Kerry's 28-year-old sister Aline, a guidance counselor, searches for answers. She'll do anything to help the Detective Mike Wilson learn what really happened the night Kerry was killed. "-- Provided by publisher.
Record details
- ISBN: 9781501171680
- ISBN: 1501171682
- Physical Description: 246 pages ; 24 cm.
- Edition: First Simon & Schuster hardcover edition.
- Publisher: New York : Simon & Schuster, ©2018.
Search for related items by subject
| Subject: | Drowning victims > Fiction. Murder > Investigation > Fiction. Teenage girls > Crimes against > Fiction. Sisters > Fiction. People with mental disabilities > Fiction. New Jersey > Fiction. |
| Genre: | Detective and mystery fiction. Thrillers (Fiction) |
Available copies
- 1 of 1 copy available at scottsboropl.
Holds
- 0 current holds with 1 total copy.
Show Only Available Copies
| Location | Call Number / Copy Notes | Barcode | Shelving Location | Status | Due Date |
|---|---|---|---|---|---|
| scottsboropl | F Cla | 32269001051849 | Adult - Fiction | Available | - |
| LDR | 02121nam a22004338i 4500 | ||
|---|---|---|---|
| 001 | 146280 | ||
| 003 | SBPL | ||
| 005 | 20220805191747.0 | ||
| 008 | 180130t20182018nyu 000 f eng | ||
| 010 | . | ‡a 2018000349 | |
| 020 | . | ‡a9781501171680 ‡q(hardcover) | |
| 020 | . | ‡a1501171682 ‡q(hardcover) | |
| 035 | . | ‡a(CONS)146280 | |
| 035 | . | ‡a(CPomAG)LMN605031 | |
| 042 | . | ‡apcc | |
| 050 | 0 | 0. | ‡aPS3553.L287 ‡bI97 2018 |
| 082 | 0 | 0. | ‡a813/.6 ‡223 |
| 100 | 1 | . | ‡aClark, Mary Higgins, ‡eauthor. |
| 245 | 1 | 0. | ‡aI've Got My Eyes on You : ‡bA Novel / ‡cMary Higgins Clark. |
| 246 | 3 | . | ‡aI Have Got My Eyes on You |
| 250 | . | ‡aFirst Simon & Schuster hardcover edition. | |
| 264 | 1. | ‡aNew York : ‡bSimon & Schuster, ‡c©2018. | |
| 300 | . | ‡a246 pages ; ‡c24 cm. | |
| 336 | . | ‡atext ‡btxt ‡2rdacontent | |
| 337 | . | ‡aunmediated ‡bn ‡2rdamedia | |
| 338 | . | ‡avolume ‡bnc ‡2rdacarrier | |
| 520 | . | ‡a"After throwing a party when her parents were away, 18-year-old Kerry Dowling is discovered lifeless at the bottom of the family pool. The police immediately question Kerry's boyfriend, who--despite proclaiming his love for her--was seen arguing with Kerry that night. As neighbors and classmates grieve the loss of their friend, Kerry's 28-year-old sister Aline, a guidance counselor, searches for answers. She'll do anything to help the Detective Mike Wilson learn what really happened the night Kerry was killed. "-- ‡cProvided by publisher. | |
| 650 | 0. | ‡aDrowning victims ‡vFiction. | |
| 650 | 0. | ‡aMurder ‡xInvestigation ‡vFiction. | |
| 650 | 0. | ‡aTeenage girls ‡xCrimes against ‡vFiction. | |
| 650 | 0. | ‡aSisters ‡vFiction. | |
| 650 | 0. | ‡aPeople with mental disabilities ‡vFiction. | |
| 651 | 1. | ‡aNew Jersey ‡vFiction. | |
| 655 | 7. | ‡aDetective and mystery fiction. ‡2lcgft | |
| 655 | 7. | ‡aThrillers (Fiction) ‡2lgcft | |
| 901 | . | ‡a146280 ‡bUnknown ‡c146280 ‡tbiblio | |